| 000 | 00914 a2200217 4500 | ||
|---|---|---|---|
| 005 | 20240321112516.0 | ||
| 010 | _aB-756853-862 ENG-139846 | ||
| 020 |
_a9789390491728 _c595.00 |
||
| 035 | _aB-756853-862 | ||
| 035 | _aEN-123378 | ||
| 037 | _bPragati Publication | ||
| 082 | _a320.954 | ||
| 100 |
_aLaxmikanth, M _963733 |
||
| 245 |
_aGovernance in India: _cM Laxmikanth _bFor Civil Services Preliminary (GS-I) and Main (GS0-II) Examinations/ |
||
| 250 | _aThird Edition | ||
| 260 |
_aTamill Nadu _bMcGraw Hill Education Private Limited _c2021 |
||
| 270 |
_a444/1, Sri Ekambara Naicker Industrial Estate, Alapakkam, Porur _bChennai _e600116 |
||
| 300 |
_a448p. _c24cm (pbk) |
||
| 942 |
_adpl _cEN _2ddc _h320.954 _mLAX |
||
| 999 |
_c199405 _d199405 |
||